Statistics for All Bug Type Moves

Click here to take the quiz!

General Stats

  • This quiz has been taken 86 times
  • The average score is 17 of 29

Answer Stats

CatagoryAnswer% Correct
SpecialBug Buzz
97%
StatusString Shot
91%
PhysicalBug Bite
87%
PhysicalX-Scissor
86%
PhysicalLeech Life
78%
PhysicalMegahorn
77%
StatusQuiver Dance
71%
StatusSticky Web
68%
PhysicalTwineedle
68%
PhysicalU-Turn
67%
PhysicalFury Cutter
65%
SpecialSilver Wind
62%
PhysicalFirst Impression
61%
SpecialInfestation
57%
SpecialSignal Beam
54%
SpecialStruggle Bug
54%
StatusSpider Web
51%
PhysicalLunge
49%
Z-MoveSavage Spin-Out
46%
PhysicalAttack Order
45%
StatusDefend Order
45%
PhysicalFell Stinger
43%
StatusHeal Order
42%
StatusPowder
41%
StatusRage Powder
36%
SpecialPollen Puff
33%
StatusTail Glow
33%
PhysicalSteamroller
29%
PhysicalPin Missle
26%

Score Distribution

Percentile by Number Answered

Percent of People with Each Score

Your Score History

You have not taken this quiz